[Event "Dunajska Streda op"]
[Site "Dunajska Streda"]
[Date "1999.06.17"]
[Round "8"]
[White "Ginzburg, Mikhail"]
[Black "Kurockin, Vjaceslav"]
[Result "1/2-1/2"]
[WhiteElo "2180"]
[BlackElo "2163"]
[PlyCount "21"]
[EventDate "1999.06.12"]
[EventType "swiss"]
[EventRounds "9"]
[EventCountry "SVK"]
[SourceTitle "EXT 2006"]
[Source "ChessBase"]
[SourceDate "2005.11.24"]
[SourceVersion "1"]
[SourceVersionDate "2005.11.24"]
[SourceQuality "1"]

1. e4 c5 2. Nf3 Nc6 3. d4 cxd4 4. Nxd4 g6 5. Nc3 Bg7 6. Be3 Nf6 7. Bc4 0-0 8. Bb3 a5 9. f3 d5 10. exd5 Nb4 11. Nde2 1/2-1/2

[Event "Dunajska Streda op"]
[Site "Dunajska Streda"]
[Date "1999.06.15"]
[Round "6"]
[White "Kurockin, Vjaceslav"]
[Black "Ruckschloss, Karol"]
[Result "1/2-1/2"]
[WhiteElo "2163"]
[BlackElo "2191"]
[PlyCount "29"]
[EventDate "1999.06.12"]
[EventType "swiss"]
[EventRounds "9"]
[EventCountry "SVK"]
[SourceTitle "EXT 2006"]
[Source "ChessBase"]
[SourceDate "2005.11.24"]
[SourceVersion "1"]
[SourceVersionDate "2005.11.24"]
[SourceQuality "1"]

1. d4 f5 2. g3 Nf6 3. Bg2 g6 4. Nf3 Bg7 5. Nbd2 d6 6. c3 c6 7. 0-0 0-0 8. Qb3+ e6 9. Ng5 Nd5 10. Nh3 Kh8 11. e4 Nc7 12. exf5 exf5 13. Nf3 Nd7 14. Bg5 Nf6 15. Nf4 1/2-1/2

[Event "Dunajska Streda op"]
[Site "Dunajska Streda"]
[Date "1999.06.14"]
[Round "4"]
[White "Korneevets, Alexander"]
[Black "Kurockin, Vjaceslav"]
[Result "1/2-1/2"]
[WhiteElo "2410"]
[BlackElo "2163"]
[PlyCount "76"]
[EventDate "1999.06.12"]
[EventType "swiss"]
[EventRounds "9"]
[EventCountry "SVK"]
[SourceTitle "EXT 2006"]
[Source "ChessBase"]
[SourceDate "2005.11.24"]
[SourceVersion "1"]
[SourceVersionDate "2005.11.24"]
[SourceQuality "1"]

1. d4 Nf6 2. Nf3 c5 3. e3 g6 4. Bd3 Bg7 5. 0-0 0-0 6. b3 b6 7. Bb2 Bb7 8. Nbd2 Nc6 9. c4 cxd4 10. exd4 d5 11. Qe2 Rc8 12. Rac1 Qd6 13. Rfd1 Rfd8 14. c5 bxc5 15. dxc5 Qb8 16. a3 a5 17. Bb5 Na7 18. Be5 Qa8 19. b4 Nxb5 20. Qxb5 Ne4 21. Bxg7 Kxg7 22. Nxe4 dxe4 23. Rxd8 Rxd8 24. c6 Bxc6 25. Qe5+ Kg8 26. Ng5 h6 27. Nh3 axb4 28. axb4 Qb7 29. Nf4 Rd2 30. Qc5 Qd7 31. h4 Rd1+ 32. Kh2 Rxc1 33. Qxc1 Qd6 34. g3 Bb7 35. Ng2 Kg7 36. Qc3+ Qf6 37. Qd2 Qd6 38. Qc3+ Qf6 1/2-1/2